000 00258nam a2200097Ia 4500
008 220204s9999 xx 000 0 und d
082 _a631.44(084.3)
_bMUN
245 0 _aMunsell soil color charts. Rev Ed.
260 _aNew York
_bGrtogMacbeth
_c2000
942 _cBK
999 _c44848
_d44848